[Event "Ille et Vilaine-ch 1112"]
[Site "Ile et Vilaine"]
[Date "2012.03.03"]
[Round "6.12"]
[White "Simon, Suliac"]
[Black "Morgant, Jean Marc"]
[Result "1-0"]
[WhiteElo "1510"]
[BlackElo "1490"]
[PlyCount "93"]
[EventDate "2012.10.??"]
[EventType "swiss"]
[EventRounds "7"]
[EventCountry "FRA"]
[SourceTitle "EXT 2014"]
[Source "ChessBase"]
[SourceDate "2013.11.20"]
[SourceVersion "1"]
[SourceVersionDate "2013.11.20"]
[SourceQuality "1"]

1. d4 Nf6 2. c4 g6 3. Nc3 d5 4. Nf3 Bg7 5. cxd5 Nxd5 6. Ne4 Nd7 7. e3 0-0 8. Bc4 N7b6 9. Bb3 Bg4 10. Bd2 c6 11. h3 Bxf3 12. Qxf3 e6 13. h4 h6 14. g4 Nd7 15. g5 h5 16. Bc2 e5 17. Bc3 exd4 18. exd4 f5 19. Ng3 Re8+ 20. Kd2 N7b6 21. Bb3 Kh7 22. Rae1 Rf8 23. Nxh5 Nxc3 24. bxc3 c5 25. Nxg7 Kxg7 26. Qxb7+ Nd7 27. Be6 Rb8 28. Qxd7+ Qxd7 29. Bxd7 Rbd8 30. Re7+ Rf7 31. Rxf7+ Kxf7 32. Ba4 cxd4 33. c4 Rb8 34. Bb3 a5 35. Kd3 Re8 36. Kxd4 Re2 37. Rh2 Re4+ 38. Kd5 Ke7 39. c5 Kd7 40. c6+ Kc7 41. h5 gxh5 42. Rxh5 Rg4 43. f3 Rg2 44. Rh7+ Kc8 45. Kd6 Rd2+ 46. Bd5 Kb8 47. c7+ 1-0

[Event "Ille et Vilaine-ch 1112"]
[Site "Ile et Vilaine"]
[Date "2012.??.??"]
[Round "7.10"]
[White "Barbier, Patrick"]
[Black "Simon, Suliac"]
[Result "1-0"]
[WhiteElo "1730"]
[BlackElo "1510"]
[PlyCount "81"]
[EventDate "2012.10.??"]
[EventType "swiss"]
[EventRounds "7"]
[EventCountry "FRA"]
[SourceTitle "EXT 2014"]
[Source "ChessBase"]
[SourceDate "2013.11.20"]
[SourceVersion "1"]
[SourceVersionDate "2013.11.20"]
[SourceQuality "1"]

1. d4 Nf6 2. c4 d5 3. Nc3 Bf5 4. Bg5 Ne4 5. Nxe4 Bxe4 6. e3 g6 7. Nf3 Bg7 8. Bd3 c5 9. 0-0 Nd7 10. Bxe4 dxe4 11. Ne1 cxd4 12. exd4 Qc7 13. Rc1 f6 14. Be3 0-0 15. b4 Nb6 16. Qb3 e6 17. a4 Rac8 18. c5 Nd5 19. Nc2 Kh8 20. Na3 a6 21. Nc4 f5 22. Nd6 Rcd8 23. b5 axb5 24. axb5 b6 25. Nc4 f4 26. Bd2 Bxd4 27. cxb6 Qb7 28. Bb4 Nxb4 29. Qxb4 e5 30. Nd6 Qxb6 31. Nxe4 Rc8 32. h3 Rfd8 33. Rxc8 Rxc8 34. Qe7 Qa7 35. Qf6+ Qg7 36. Qe6 Rb8 37. Ng5 h6 38. Nf7+ Kh7 39. Rc1 Rb6 40. Qd7 Rf6 41. Rc7 1-0